000 03260nam a22002897a 4500
999 _c4213
_d4213
001 UTEA
005 20220303142306.0
006 g||||gr||||||01 nz
007 ta
008 171127b pe||||| |||| 00| 0 esp d
040 _aUTEA
041 _aEs
044 _aPER
082 _a657.523
_bAN553
100 _aAndrade Espinoza, Simón
_cCPC.
_eAutor
245 _aNormas Internacionales de Contabilidad
_cSimón Andrade Espinoza
250 _a5ta edición
260 _a Lima - Perú
_b Editorial y Librería Andrade
_c2008
300 _a672 páginas.
_bCuadros, Figuras.
_c14.9 x 21 cm.
505 _aEl comité de las normas internacionales de contabilidad. -- Estados financieros. -- Presentación de los estados financieros. -- Existencias. -- Estados financieros consolidados. -- Tratamiento contable de la depreciación. -- Revelación de la información en los estados financieros. -- Tratamiento contable de los precios cambiantes. -- Estados de flujo de efectivo. -- Utilidad o pérdida neta del ejercicio, errores sustanciales y cambios en políticas contables. -- Costos de investigación y desarrollo. -- Secesos posteriores a fecha del balance general. -- Contratos de construcción. -- Impuestos a la renta. -- Presentación de activos y pasivos circulantes. -- Información por segmentos. -- Las informaciones que reflejan los efectos de los precios cambiantes. -- Inmuebles, maquinaria y equipo. -- Arrendamientos. -- Ingresos. -- Beneficios a los trabajadores. -- Tratamiento contable de subsidios gubernamentales y revaluaciones referente a la asistencia gubernamental. -- Efectos de variaciones en tipos de cambio. -- Fusión de negocios. -- Costo de financiamiento. -- Revelaciones sobre entes vinculados. -- Tratamiento contable de las inversiones. -- Tratamiento contable y presentación de la información de planes de prestación de jubilación. -- Estados financieros consolidados y tratamiento contable de las inversiones. -- Tratamiento contable y presentación de la información de planes de prestación de jubilación. -- Estados financieros consolidados y tratamiento contable de las inversiones en subsidiarias. -- Contabilización de inversiones en asociadas. -- Presentación de la información financiera en ambientes de economía hiperinflacionaria. -- Revelaciones en los estados financieros de los bancos e instituciones financieras. -- Informes financieros de participación en asociaciones en participación. -- Instrumentos financieros: revelación y presentación. -- Utilidad por acción. -- Informes financieros intermedios. -- Operaciones discontinuadas. -- Desvalorización de activos. -- Provisiones, activos y pasivos contingentes. -- Activos intangibles. -- Instrumentos financieros: reconocimiento y medición. -- Inversión inmobiliaria. -- Agricultura. -- Minería.
520 _aEl propósito de este texto es presentar un texto revisado y actualizado de las Normas Internacionales de Contabilidad.
650 0 _aPREPARACIÓN Y PRESENTACIÓN DE LOS ESTADOS FINANCIEROS
_93562
650 0 _aESTADOS FINANCIEROS
_946129
650 0 _aNORMAS INTERNACIONALES DE CONTABILIDAD
_946130
653 _aCONTABILIDAD
_aNORMAS
_aINTERNACIONALES
942 _2ddc
_cBK
_zMag. Cecilio Flores Noa
_e2021-08-24